[Event "Biel ATO 57th"]
[Site "Biel"]
[Date "2024.07.17"]
[Round "2"]
[White "Cho, Yeonhee"]
[Black "Jaggy, Enzo"]
[Result "1/2-1/2"]
[WhiteElo "1686"]
[BlackElo "1835"]
[PlyCount "48"]
[EventDate "2024.07.16"]
[EventType "swiss"]
[EventRounds "9"]
[EventCountry "SUI"]
[SourceTitle "EXT 2025"]
[Source "ChessBase"]
[SourceDate "2024.10.14"]
[SourceVersion "1"]
[SourceVersionDate "2024.10.14"]
[SourceQuality "1"]

1. e4 e6 2. d4 d5 3. exd5 exd5 4. Bd3 Nf6 5. Bf4 Bd6 6. Bxd6 Qxd6 7. c3 0-0 8. h3 Re8+ 9. Ne2 Ne4 10. 0-0 Bf5 11. Qc2 Nd7 12. Nd2 Nxd2 13. Qxd2 Bxd3 14. Qxd3 Re7 15. Ng3 g6 16. Rfe1 Rae8 17. Rxe7 Rxe7 18. Nf1 c6 19. Nd2 Nf6 20. Nf3 Qf4 21. Rd1 Ne4 22. Re1 f5 23. Qe3 Qxe3 24. Rxe3 Kg7 1/2-1/2

[Event "Biel Rapid op 57th"]
[Site "Biel"]
[Date "2024.07.14"]
[Round "8"]
[White "Bachmann, Daniel"]
[Black "Jaggy, Enzo"]
[Result "1-0"]
[WhiteElo "1713"]
[BlackElo "1835"]
[PlyCount "55"]
[EventDate "2024.07.14"]
[EventType "swiss (rapid)"]
[EventRounds "9"]
[EventCountry "SUI"]
[SourceTitle "EXT 2025"]
[Source "ChessBase"]
[SourceDate "2024.10.14"]
[SourceVersion "1"]
[SourceVersionDate "2024.10.14"]
[SourceQuality "1"]

1. e4 e6 2. d4 d5 3. e5 c5 4. c3 Nc6 5. Nf3 Qb6 6. Bd3 Bd7 7. dxc5 Bxc5 8. 0-0 a5 9. Nbd2 Nge7 10. Nb3 Ng6 11. Nxc5 Qxc5 12. Be3 Qe7 13. Bg5 f6 14. exf6 gxf6 15. Be3 Qf7 16. c4 Nge5 17. cxd5 exd5 18. Bc2 Qg7 19. Qxd5 Bh3 20. Nxe5 fxe5 21. Ba4 Rc8 22. Rad1 Rg8 23. Bxc6+ bxc6 24. Qf3 Bxg2 25. Qh5+ Qg6 26. Qxe5+ Kf8 27. Bc5+ Kf7 28. Qe7# 1-0